skbl

Dr Suryya Kumar Bhuyan Library Web-OPAC
ডঃ সূৰ্য্য
কুমাৰ ভূঞা পুথিভঁৰাল ৱেব-অ'পেক

All Research Scholars are advised to clear the annual library fees to continue using Library Resources, Remote Access, Plagiarism Test and Library Clearance.

Cotton University Book Fair 2026

Map Of India & Adjacent Countries : (Record no. 64228)

MARC details
000 -LEADER
fixed length control field 00480nam a2200169Ia 4500
001 - CONTROL NUMBER
control field 63121
008 - FIXED-LENGTH DATA ELEMENTS--GENERAL INFORMATION
fixed length control field 190220n ii |||gr||||Z||||||465
041 ## - LANGUAGE CODE
Language code of text/sound track or separate title 465
082 ## - DEWEY DECIMAL CLASSIFICATION NUMBER
Classification number 912.54
100 ## - MAIN ENTRY--PERSONAL NAME
Personal name Survey of India.
245 #0 - TITLE STATEMENT
Title Map Of India & Adjacent Countries :
Remainder of title Scale 1 Inch to 40 miles /
Statement of responsibility, etc. Survey of India .
Medium Textual Documents
260 ## - PUBLICATION, DISTRIBUTION, ETC.
Name of publisher, distributor, etc. Survey of India .
500 ## - GENERAL NOTE
General note 917/Ref
653 ## - INDEX TERM--UNCONTROLLED
Uncontrolled term Atlases, maps, charts & plans
653 ## - INDEX TERM--UNCONTROLLED
Uncontrolled term Reference section
942 ## - ADDED ENTRY ELEMENTS (KOHA)
Source of classification or shelving scheme Dewey Decimal Classification
Koha item type Books
Holdings
Withdrawn status Lost status Damaged status Not for loan Collection Home library Current library Shelving location Date acquired Coded location qualifier Total checkouts Full call number Barcode Date last seen Copy number Price effective from Koha item type
          Dr. Suryya Kumar Bhuyan Library Dr. Suryya Kumar Bhuyan Library   11/02/2019 00000   912.54 S 479 Ma 3977/Gift 14/01/2024 1 11/02/2019 Books

Designed and Maintained by Team SKBL
©1901-2026

Powered by Koha